Estadísticas para Mapa de las Regiones de España

Haz click aquí para tomar la prueba!

Estadísticas generales

  • Esta prueba ha sido tomada 32.447 veces
  • La puntuación promedio es 13 de 17

Respuestas en el mapa

Las respuestas están codificadas por una escala verde-roja en el mapa de la prueba según el % correcto abajo.
Cargando...
 

Estadísticas de respuestas

Respuesta% Correcto
Cataluña
88%
Madrid
88%
Islas Baleares
88%
Andalucía
87%
Canarias
87%
Comunidad Valenciana
84%
Galicia
83%
Castilla y León
81%
Murcia
81%
Extremadura
79%
Castilla-La Mancha
79%
Aragón
74%
País Vasco
74%
Asturias
74%
La Rioja
72%
Cantabria
64%
Navarra
63%

Distribución de puntuación

Porcentaje por número respondido

Porcentaje de gente con cada puntuación

Historial de tus puntuaciones

No has tomado esta prueba